| 000 | 01007nas a2200253Ia 4500 | ||
|---|---|---|---|
| 001 | R111/44660 | ||
| 003 | IT-RoPAU | ||
| 008 | 151124c99999999xx |||||||||||| ||und|| | ||
| 040 | _aIT-RoPAU | ||
| 040 | _cIT-RoPAU | ||
| 041 | _aITALIANO | ||
| 100 |
_aRizza Nora _gCodice Aut. SPICS: 2001 |
||
| 210 | _aCOMUNICAZIONE DI MASSA (SUGARCO) | ||
| 222 | _aComunicazione Di Massa (Sugarco) | ||
| 245 |
_aCOMUNICAZIONE DI MASSA (SUGARCO), ANNO 01-VOL.1 (1980) _bPerche' E' Inceppata L'Arma Dell'Accesso |
||
| 250 | _a1a ed. | ||
| 260 |
_aMILANO _bSUGARCO _c1980 |
||
| 501 |
_bPaulus - SPICS - Società San Paolo EM (non-commercial uses only) _cCopyright2015 |
||
| 300 | _a18 p. [105-122] | ||
| 362 | _aANNO 001, VOL.1 (1980) | ||
| 500 | _aAnalisi-Critica-Dei-Programmi Elenco-Dei-Programmi-Mandati-In-Onda-1977-1978 Programmi-Dell'Accesso-E-Critica-Televisiva Livelli-Di-Partecipazione Fase-Produttiva Accesso-Nel-Contesto-Televisivo | ||
| 650 |
_aCOMUNICAZIONE _vPUBBLICAZIONE PERIODICA |
||
| 942 | _cCR | ||
| 999 |
_c110397 _d110397 |
||